| 000 | 00343nam a22001337a 4500 | ||
|---|---|---|---|
| 008 | 170308b xxu||||| |||| 00| 0 eng d | ||
| 020 | _a9780471714286 | ||
| 041 | _aeng | ||
| 080 | _a611 | ||
| 100 | _a6 | ||
| 101 | _aSHM | ||
| 245 |
_aA BRIEF ATLAS OF THE SKELETON SURFACE ANATOMY, AND SELECTED MEDICAL IMAGES _cTORTORA, G.J |
||
| 942 |
_2udc _cBK |
||
| 999 |
_c7177 _d7177 |
||